<?xml version="1.0" encoding="UTF-8"?><?xml-stylesheet type="text/xsl" href="static/style.xsl"?><OAI-PMH xmlns="http://www.openarchives.org/OAI/2.0/" xmlns:xsi="http://www.w3.org/2001/XMLSchema-instance" xsi:schemaLocation="http://www.openarchives.org/OAI/2.0/ http://www.openarchives.org/OAI/2.0/OAI-PMH.xsd"><responseDate>2026-06-02T18:49:00Z</responseDate><request verb="GetRecord" identifier="oai:riuma.uma.es:10630/6581" metadataPrefix="marc">https://riuma.uma.es/rest/oai/request</request><GetRecord><record><header><identifier>oai:riuma.uma.es:10630/6581</identifier><datestamp>2026-02-03T12:52:46Z</datestamp><setSpec>com_10630_5701</setSpec><setSpec>com_10630_3139</setSpec><setSpec>com_10630_10</setSpec><setSpec>col_10630_6572</setSpec></header><metadata><record xmlns="http://www.loc.gov/MARC21/slim" xmlns:dcterms="http://purl.org/dc/terms/" xmlns:doc="http://www.lyncode.com/xoai" xmlns:xsi="http://www.w3.org/2001/XMLSchema-instance" xsi:schemaLocation="http://www.loc.gov/MARC21/slim http://www.loc.gov/standards/marcxml/schema/MARC21slim.xsd">
   <leader>00925njm 22002777a 4500</leader>
   <datafield ind2=" " ind1=" " tag="042">
      <subfield code="a">dc</subfield>
   </datafield>
   <datafield ind2=" " ind1=" " tag="720">
      <subfield code="a">Rodríguez-Oliva, Pedro</subfield>
      <subfield code="e">author</subfield>
   </datafield>
   <datafield ind2=" " ind1=" " tag="260">
      <subfield code="c">2008</subfield>
   </datafield>
   <datafield ind2=" " ind1=" " tag="520">
      <subfield code="a">Entre las piezas que han figurado en una exposición sobre el teatro romano de Málaga&#xd;
que se ha celebrado en el Palacio Episcopal entre diciembre de 2006 y enero de 2007, deben&#xd;
ser destacadas algunas representaciones de musas como las del mosaico de la villa de Torre de&#xd;
Palma del Museo Arqueológico Nacional de Lisboa, la de la Urania de Churriana que estuvo en&#xd;
el Museo Loringiano de Málaga y actualmente forma parte de las colecciones del Arqueológico&#xd;
Nacional de Madrid, así como una estatua sedente de una musa que se ha encontrado en Écija&#xd;
y que forma parte de las colecciones del Museo Municipal de esa localidad sevillana. Por los&#xd;
paralelos que se poseen de este tipo estatuario derivado de un original helenístico, la escultura&#xd;
astigitana puede, sin muchas dificultades, ser identificada con la musa Calíope.</subfield>
   </datafield>
   <datafield ind2=" " ind1=" " tag="520">
      <subfield code="a">Among the pieces of art shown on Roman Theatre held in the Episcopal Palace, Málaga,&#xd;
from December 2006 to January 2007, some samples of ancient Muses were outstanding such as&#xd;
the one found in a Torre de Palma village mosaic from the National Archaeological Museum of&#xd;
Lisbon, the one of a Uranian goddess, formerly exhibited in the Loringian Museum of Malaga&#xd;
and now being a property of Madrid National Archaeological Museum, also it is remarkable&#xd;
the statue of a sitting Muse found in Ecija and now being part of the Municipal Collection of&#xd;
this Seville village. Apparently, this statuary type seems to be parallel to an original Hellenistic&#xd;
model and thus we may deduce that the sculture of the ancient Astigi can be identified as the&#xd;
Muse Calliope</subfield>
   </datafield>
   <datafield ind1="8" ind2=" " tag="024">
      <subfield code="a">RODRÍGUEZ OLIVA, PEDRO "Una escultura de musa sedente de Astigi (Écija, Sevilla) : a propósito de una exposición celebrada en Málaga" Baetica, 30, 2008, 149-170</subfield>
   </datafield>
   <datafield ind1="8" ind2=" " tag="024">
      <subfield code="a">0212-5099</subfield>
   </datafield>
   <datafield ind1="8" ind2=" " tag="024">
      <subfield code="a">http://hdl.handle.net/10630/6581</subfield>
   </datafield>
   <datafield tag="653" ind2=" " ind1=" ">
      <subfield code="a">Diosas griegas - Exposición</subfield>
   </datafield>
   <datafield tag="653" ind2=" " ind1=" ">
      <subfield code="a">Calíope (Divinidad griega) - Exposición</subfield>
   </datafield>
   <datafield tag="653" ind2=" " ind1=" ">
      <subfield code="a">Urania (Divinidad griega) - Exposición</subfield>
   </datafield>
   <datafield tag="653" ind2=" " ind1=" ">
      <subfield code="a">Musas (Divinidades griegas) - Exposición</subfield>
   </datafield>
   <datafield ind2="0" ind1="0" tag="245">
      <subfield code="a">Una escultura de musa sedente de Astigi (Écija, Sevilla) : a propósito de una exposición celebrada en Málaga</subfield>
   </datafield>
</record>
</metadata></record></GetRecord></OAI-PMH>